000 00976nam a2200301 4500
001 0000016160
003 CO-CtgCURN
005 20250429224009.0
007 ta
008 160627s1996 000 0 eng d
020 _a9682445620
040 _aCO-CtgCURN
_bspa
_ccoctgcurn
082 0 _a372.5
_bW122e
100 1 _aWaisburd, Gilda.
245 1 0 _aExpresion plastica y creatividad :
_bguia didactica para maestros /
_cGilda Waisbur.
260 _aMexico :
_bTrillas,
_c1996.
300 _a271 p.
336 _2rdacontent
337 _2rdamedia
_asin mediacion
_bn
338 _2rdacarrier
_avolumen
_bnc
504 _aBibliografia (p. 263-264)
505 8 _aLa expresion plastica.--La programacion.--La evaluacion.--Salon de clases.--Desarrollo creatividad
650 1 4 _aAptitud creadora.
700 1 _aSefchovich, Galia.
908 _a160627
942 _cBK
_h372.5
_iW122e
_2ddc
999 _c34749
_d34749